000 00634nam a2200181Ia 4500
008 090630s9999 xx 000 0 und d
082 _b1939
100 _aकेळकर न. चि.
245 _aज्ञानेश्वरी सर्वस्व.
_cकेळकर न. चि.
260 _bमनोहर.
_c1970
300 _a339
600 _aकेळकर न. चि.
630 _aज्ञानेश्वरी सर्वस्व.
655 _aधार्मिक.
700 _aकेळकर न. चि.
730 _aज्ञानेश्वरी सर्वस्व.
942 _cBOOK
999 _c253795
_d253795